=LDR 00000nam 2200000 4500 =001 NUTBA000000000001390 =005 20140423174741.0 =006 =007 =008 =035 ##$$0010-041400000000660 =082 ##$$a 598 =090 ##$$a 598 $b boo b =100 ##$$a camillia de la bedoyere $t book of life burung =245 ##$$a book of life burung =260 ##$$a Jakarta $b pakar raya $c 2013 =300 ##$$a 62 hlm $b illus $c 26 cm =850 ##$$a NBPBMAT =990 ##$$a 21195004/BPAP-NTB/2014 =990 ##$$a 0001/BPAP-NTB/2015